[Event "Bucharest-ch"]
[Site "Bucharest"]
[Date "2022.05.22"]
[Round "7"]
[White "Cnejev, Vladimir Alexandru"]
[Black "Radu, Ioan"]
[Result "1-0"]
[WhiteElo "2187"]
[BlackElo "2064"]
[PlyCount "107"]
[EventDate "2022.05.19"]
[EventType "swiss"]
[EventRounds "7"]
[EventCountry "ROU"]
[SourceTitle "EXT 2023"]
[Source "ChessBase"]
[SourceDate "2022.10.05"]
[SourceVersion "1"]
[SourceVersionDate "2022.10.05"]
[SourceQuality "1"]

1. e4 Nc6 2. Nf3 e5 3. Bb5 a6 4. Ba4 b5 5. Bb3 Be7 6. 0-0 Nf6 7. Re1 0-0 8. c3 d6 9. h3 Na5 10. Bc2 c5 11. d4 Qc7 12. d5 Nc4 13. a4 b4 14. b3 Nb6 15. c4 h6 16. Nbd2 Nh7 17. Nf1 Bf6 18. Ng3 Rd8 19. Bd3 Ra7 20. Ra2 Nd7 21. Nf5 Ndf8 22. h4 Ng6 23. g3 Ne7 24. Nh2 Kh8 25. Ng4 Ng8 26. Nxf6 Nhxf6 27. f3 Kh7 28. g4 g6 29. Ng3 Kg7 30. g5 Nh7 31. gxh6+ Nxh6 32. Nh5+ gxh5 33. Rg2+ Ng4 34. fxg4 hxg4 35. Be2 Kh8 36. Bxg4 Rg8 37. Re3 Ra8 38. Reg3 Qe7 39. Bxc8 Raxc8 40. Rxg8+ Rxg8 41. Rxg8+ Kxg8 42. Qg4+ Kf8 43. Bh6+ Ke8 44. Qg8+ Nf8 45. Kg2 f6 46. Kg3 f5 47. exf5 Qf7 48. Qxf8+ Qxf8 49. Bxf8 Kxf8 50. Kg4 Kg7 51. Kg5 a5 52. h5 Kg8 53. f6 Kh7 54. h6 1-0

[Event "Bucharest-ch"]
[Site "Bucharest"]
[Date "2022.05.21"]
[Round "4"]
[White "Cosma, Ioan"]
[Black "Radu, Ioan"]
[Result "1-0"]
[WhiteElo "2394"]
[BlackElo "2064"]
[PlyCount "63"]
[EventDate "2022.05.19"]
[EventType "swiss"]
[EventRounds "7"]
[EventCountry "ROU"]
[SourceTitle "EXT 2023"]
[Source "ChessBase"]
[SourceDate "2022.10.05"]
[SourceVersion "1"]
[SourceVersionDate "2022.10.05"]
[SourceQuality "1"]

1. d4 Nf6 2. Nf3 g6 3. c4 c5 4. Nc3 cxd4 5. Nxd4 d5 6. e3 dxc4 7. Bxc4 Bg7 8. Qa4+ Nbd7 9. Bxf7+ Kxf7 10. Qb3+ e6 11. Nxe6 Qe7 12. Nc7+ Kf8 13. Nxa8 b6 14. 0-0 Bb7 15. Nxb6 axb6 16. f3 Bh6 17. e4 Kg7 18. Bxh6+ Kxh6 19. Na4 Bc6 20. Qe3+ Kg7 21. Nxb6 Ne5 22. Rac1 Rb8 23. b3 Qa3 24. Nc4 Nxc4 25. Rxc4 Be8 26. Rc7+ Kg8 27. Qd4 Qa5 28. Rfc1 Qb6 29. R1c5 Nd7 30. h3 Rd8 31. Kh1 Bf7 32. Rxd7 1-0

[Event "ROM-ch Rapid"]
[Site "Bucharest"]
[Date "2022.03.12"]
[Round "4"]
[White "Radu, Ioan"]
[Black "Gheorghiu, Alexandru Dan"]
[Result "0-1"]
[WhiteElo "2064"]
[BlackElo "1929"]
[PlyCount "54"]
[EventDate "2022.03.11"]
[EventType "swiss (rapid)"]
[EventRounds "9"]
[EventCountry "ROU"]
[SourceTitle "CBM 207 Extra"]
[Source "ChessBase"]
[SourceDate "2022.05.31"]
[SourceVersion "1"]
[SourceVersionDate "2022.05.31"]
[SourceQuality "1"]

1. d4 d5 2. Nf3 Nf6 3. b3 Nbd7 4. Bb2 e6 5. e3 Be7 6. Bd3 0-0 7. Nbd2 c5 8. Ne5 Nxe5 9. dxe5 Nd7 10. Qh5 g6 11. Qf3 f6 12. Qg3 fxe5 13. Bxg6 Bh4 14. Qg4 Bxf2+ 15. Ke2 Nf6 16. Bxh7+ Kxh7 17. Qh3+ Kg6 18. Nf3 d4 19. Nxe5+ Kg7 20. Kxf2 Ng4+ 21. Ke2 Nxe5 22. Rad1 Ng6 23. Qg3 e5 24. h4 Qd7 25. Kd2 Qg4 26. Qh2 Rf2+ 27. Kc1 Qe2 0-1

[Event "Bucharest Romgaz blitz op"]
[Site "Bucharest"]
[Date "2018.11.21"]
[Round "8"]
[White "Radu, Ioan"]
[Black "Bulmaga, Irina"]
[Result "1-0"]
[WhiteElo "2115"]
[BlackElo "2386"]
[PlyCount "139"]
[EventDate "2018.11.21"]
[EventType "swiss (blitz)"]
[EventRounds "11"]
[EventCountry "ROU"]
[SourceTitle "CBM 187 Extra"]
[Source "ChessBase"]
[SourceDate "2018.11.04"]
[SourceVersion "1"]
[SourceVersionDate "2018.11.04"]
[SourceQuality "1"]

1. Nf3 Nf6 2. d4 e6 3. Bf4 b6 4. e3 Bb7 5. Nbd2 g6 6. a4 Bg7 7. a5 bxa5 8. Be2 0-0 9. 0-0 d6 10. c4 Nc6 11. Bg5 h6 12. Bh4 Qe7 13. Nb3 Rab8 14. Nxa5 Nxa5 15. Rxa5 Bxf3 16. Bxf3 Rxb2 17. Rxa7 Rfb8 18. Qa4 Rb1 19. Ra8 Rxf1+ 20. Kxf1 Qd8 21. Qa7 Rxa8 22. Bxa8 g5 23. Bg3 Nh5 24. Bf3 Nxg3+ 25. hxg3 e5 26. d5 Qd7 27. g4 e4 28. Bxe4 Qxg4 29. f3 Qd7 30. Kf2 h5 31. Qa8+ Bf8 32. Bc2 Kg7 33. Qa1+ f6 34. Qd4 Qf7 35. Qe4 Kg8 36. Qf5 h4 37. Ba4 Kg7 38. Bd7 Qg6 39. e4 Qxf5 40. Bxf5 Kf7 41. Kg1 Ke7 42. Kh2 Kf7 43. Kh3 Kg7 44. Be6 Kg6 45. Bf5+ Kh6 46. Kg4 Be7 47. Bd7 Kg6 48. Be8+ Kg7 49. Kf5 Kf8 50. Bh5 Kg7 51. Ke6 Kf8 52. Kd7 f5 53. exf5 Bf6 54. Kxc7 Be5 55. Kd7 Kg7 56. Ke6 Bf4 57. f6+ Kf8 58. Bg6 Be5 59. c5 Bd4 60. c6 Bb6 61. Kxd6 Ba5 62. Kd7 h3 63. gxh3 g4 64. hxg4 Kg8 65. Ke8 Bb4 66. c7 Bf8 67. c8Q Kh8 68. Bf5 Kg8 69. Qe6+ Kh8 70. Qf7 1-0

[Event "ROM-chT2"]
[Site "Mamaia"]
[Date "2015.10.10"]
[Round "8.5"]
[White "Radu, Ioan"]
[Black "Daianu, Cristian Clement"]
[Result "0-1"]
[WhiteElo "2196"]
[BlackElo "2147"]
[PlyCount "104"]
[EventDate "2015.10.03"]
[EventType "team-tourn"]
[EventRounds "9"]
[EventCountry "ROU"]
[SourceTitle "CBM 169 Extra"]
[Source "ChessBase"]
[SourceDate "2015.12.18"]
[SourceVersion "1"]
[SourceVersionDate "2015.12.18"]
[SourceQuality "1"]
[WhiteTeam "Bucharest Comex"]
[BlackTeam "Otopeni"]
[WhiteTeamCountry "ROU"]
[BlackTeamCountry "ROU"]

1. Nf3 Nf6 2. d4 g6 3. Bf4 Bg7 4. e3 d5 5. c4 c5 6. Nc3 0-0 7. Be2 Nc6 8. 0-0 cxd4 9. exd4 Bf5 10. c5 Ne4 11. Rc1 Rc8 12. Bb5 Bg4 13. Bxc6 Rxc6 14. Re1 Rf6 15. Be5 Bxf3 16. gxf3 Nxc3 17. Rxc3 Rf5 18. Bxg7 Kxg7 19. b4 a6 20. Re5 Rxe5 21. dxe5 Qd7 22. Qd4 Kg8 23. Kg2 Rd8 24. a3 Qf5 25. h4 h5 26. Kg3 Qb1 27. Kg2 Qf5 28. Rc1 Kh7 29. Kf1 Qxf3 30. Rc3 Qf5 31. Rg3 f6 32. Re3 e6 33. Kg2 Kg7 34. a4 Rf8 35. b5 axb5 36. axb5 fxe5 37. Rxe5 Qf6 38. c6 bxc6 39. bxc6 Kh7 40. c7 Qf7 41. Qb6 Rc8 42. Rxe6 Rxc7 43. Rf6 Qg7 44. Qe6 d4 45. f4 Re7 46. Qb6 d3 47. Kf2 d2 48. Rd6 Rd7 49. f5 gxf5 50. Qc5 d1N+ 51. Kf1 Ne3+ 52. Ke2 Qg2+ 0-1